| 000 | 01080nam a2200313 i 4500 | ||
|---|---|---|---|
| 001 | 000021949 | ||
| 003 | DO-SdBNP | ||
| 005 | 20260119125130.0 | ||
| 007 | ta | ||
| 008 | 100915s1982 dr 001 0 spa d | ||
| 040 |
_aDO-SdBNP _bspa _cBNPHU _erda |
||
| 041 | _aspa | ||
| 082 |
_a346.07 _bR426c _222 |
||
| 110 | 1 |
_aRepública Dominicana. _9447 |
|
| 240 | 1 | 2 | _a[Leyes, etc.] |
| 245 | 1 | 0 |
_aCompendio de la legislación de la República Dominicana en materia de comercio / _cprólogo Leonel Rodríguez Rib. |
| 264 |
_aSanto Domingo : _bInstituto de Estudios Superiores, _c1982. |
||
| 300 |
_a582 páginas ; _c23 cm. |
||
| 336 |
_ardacontent _btexto _2txt |
||
| 337 |
_ardamedia _bsin mediación _2n |
||
| 338 |
_ardacarrier _bvolumen _2nc |
||
| 504 | _aBibliografía: páginas 577-582 | ||
| 590 | _aInventariado, 2018/LP | ||
| 650 | 4 |
_aDerecho comercial _xLegislación _zRepública Dominicana _910077 |
|
| 650 | 4 |
_aLeyes _zRepública Dominicana _93033 |
|
| 700 | 1 |
_aRodríguez Rib, Leonel, _eprólogo _917524 |
|
| 910 | _aValidado. Control de calidad EMS | ||
| 942 |
_2ddc _cLBS1 |
||
| 999 |
_c21447 _d21447 |
||